Secretos de la salud familiar : instrucciones prácticas para vivr con salud y alegría, presentadas por especialistas de salud (Registro nro. 11460)

Detalles MARC
000 -LIDER
fixed length control field 00461nam a22001457a 4500
003 - IDENTIFICACDOR DE NÚMERO DE CONTROL
control field DO-SdBNP
005 - DATE AND TIME OF LATEST TRANSACTION
control field 20180207105109.0
008 - ELEMENTOS DE LONGITUD FIJA
fixed length control field 160920b 1985 xxu||||| |||| 00| 0 spa d
040 ## - FUENTE DE CATALOGACIÓN
Agencia que crea de manera original el registro BPMSU
Idioma de catalogación spa
Agencia que realiza la transcripción BPMSU
245 ## - MENCIÓN DE TITULO
Título Secretos de la salud familiar : instrucciones prácticas para vivr con salud y alegría, presentadas por especialistas de salud
300 ## - DESCRIPCIÓN FÍSICA
Extensión 191 p. :
Dimensiones 26 cm
942 ## - ADDED ENTRY ELEMENTS (KOHA)
Source of classification or shelving scheme Dewey Decimal Classification
Koha item type Libros
945 ## - INFORMACIÓN DE PROCESAMIENTO LOCAL
Información de procesamiento local inventariado, 2018 / dg
956 ## - LOCAL ELECTRONIC LOCATION AND ACCESS (OCLC)
Nombre de host dgarcia
Existencias
Withdrawn status Lost status Source of classification or shelving scheme Damaged status Not for loan Collection code Home library Current library Date acquired Source of acquisition Total Checkouts Barcode Date last seen Price effective from Koha item type
    Dewey Decimal Classification     Colección General Biblioteca Pública Metropolitana Salomé Ureña Biblioteca Pública Metropolitana Salomé Ureña 09/20/2016 Donación   BPMSU16090426 09/20/2016 09/20/2016 Libros